00301nam a2200121Ia 4500008004100000100001800041245004100059260002800100300000900128650001800137942000700155999001700162190216s9999||||xx |||||||||||||| ||und|| aVelayudhan Ps 0aBrief History Of The World Part 1 Ii bOxford University Press a366p aWorld History cBK c19376d19376